Финансовая экономика: подъем, стабильность, спад: учебник для вузов

Detalles Bibliográficos
Autor Principal: Суэтин А. А. Александр Алексеевич
Autor Corporativo: Финансовый университет при Правительстве Российской Федерации
Summary:Приводятся современные научные представления о характере и особенностях нынешнего кризиса. Рассматриваются теория и практика развития мирового финансового рынка непосредственно перед началом кризиса, проблемы обеспечения альфы и беты в управлении актинами в кризисные времена, техника арбитража на финансовых рынках. Дается развернутое представление о причинах и масштабах падения финансовой отрасли и перспективах изменения ситуации. Специфические проблемы кризисного развития финансовой отрасли раскрыты в рамках оценки взаимоотношений США и Китая. Для студентов высших учебных заведений, обучающихся по экономическим направлениям и специальностям.
Idioma:ruso
Publicado: Москва, Инфра-М, 2014
Series:Магистратура
Экономика
Subjects:
Formato: Libro
KOHA link:https://koha.lib.tpu.ru/cgi-bin/koha/opac-detail.pl?biblionumber=241778

MARC

LEADER 00000nam0a2200000 4500
001 241778
005 20231101231837.0
010 |a 9785982812513 
010 |a 978-5-16-004814-7 
035 |a (RuTPU)RU\TPU\book\263066 
090 |a 241778 
100 |a 20130819d2014 m y0rusy50 ca 
101 0 |a rus 
102 |a RU 
105 |a y j 001zy 
200 1 |a Финансовая экономика: подъем, стабильность, спад  |e учебник для вузов  |f А. А. Суэтин  |g Финансовый университет при Правительстве Российской Федерации 
210 |a Москва  |c Инфра-М  |c Альфа-М  |d 2014 
215 |a 256 с. 
225 1 |a Магистратура 
225 1 |a Экономика 
320 |a Библиогр.: с. 250-251. 
330 |a Приводятся современные научные представления о характере и особенностях нынешнего кризиса. Рассматриваются теория и практика развития мирового финансового рынка непосредственно перед началом кризиса, проблемы обеспечения альфы и беты в управлении актинами в кризисные времена, техника арбитража на финансовых рынках. Дается развернутое представление о причинах и масштабах падения финансовой отрасли и перспективах изменения ситуации. Специфические проблемы кризисного развития финансовой отрасли раскрыты в рамках оценки взаимоотношений США и Китая. Для студентов высших учебных заведений, обучающихся по экономическим направлениям и специальностям. 
606 1 |a Финансовый кризис  |x Мировая экономика  |2 stltpush  |3 (RuTPU)RU\TPU\subj\63967  |9 80897 
610 1 |a мировая экономика 
610 1 |a мировые финансы 
610 1 |a финансовые рынки 
610 1 |a финансовые активы 
610 1 |a управление 
610 1 |a арбитраж 
610 1 |a фондовые рынки 
610 1 |a ипотечный кризис 
610 1 |a 21 век 
610 1 |a Китай 
610 1 |a США 
610 1 |a Черная осень 2008 г. 
610 1 |a причины 
610 1 |a дерегулирование 
610 1 |a хедж-фонды 
610 1 |a суверенные фонды 
610 1 |a стабилизационные резервы 
610 1 |a стабилизационный фонд 
610 1 |a учебники 
686 |a У526я73  |v LBC/SL-A  |2 rubbk 
700 1 |a Суэтин  |b А. А.  |g Александр Алексеевич 
712 0 2 |a Финансовый университет при Правительстве Российской Федерации  |c (Москва)  |c (2010- )  |2 stltpush  |3 (RuTPU)RU\TPU\col\17114  |9 26530 
801 1 |a RU  |b 63413507  |c 20130819 
801 2 |a RU  |b 63413507  |c 20150624  |g RCR 
900 |a Финансы 
942 |c BK 
951 |b 080100 
959 |a 109/20130819  |d 2  |e 269,90  |f ЧЗГЛ:1  |f АНЛ:1